Big Brother Australia 2013 Housemates - Statistics

General Stats
  • This quiz has been taken 16 times
  • The average score is 15 of 20
Answer Stats
Staus Housemate % Correct
Housemate Ben
100%
Late Comer Drew
100%
Housemate Tully
100%
Housemate Ed
83%
Late Comer Jade
83%
Late Comer Katie and Lucy
83%
Intruder Nathan
83%
Housemate Tahan
83%
Housemate Tim
83%
Intruder Boog
67%
Housemate Caleb
67%
Housemate Heidi
67%
Housemate Jasmin
67%
Intruder Justynn
67%
Intruder Madaline
67%
Housemate Matthew
67%
Housemate Mikkayla
67%
Late Comer Rohan
67%
Housemate Sharon
67%
Housemate Xavier
67%
No matching quizzes found
Score Distribution
Percent of People with Each Score
Percentile by Number Answered
Your Score History
You have not taken this quiz